UBT Library

The Story and its writer : (Record no. 44057)

000 -LEADER
fixed length control field 00674nam a2200229 a 4500
001 - CONTROL NUMBER
control field 4435849
005 - DATE AND TIME OF LATEST TRANSACTION
control field 20180302080700.0
008 - FIXED-LENGTH DATA ELEMENTS--GENERAL INFORMATION
fixed length control field 941121s1995 mau 000 0 eng
010 ## - LIBRARY OF CONGRESS CONTROL NUMBER
LC control number 94065163
020 ## - INTERNATIONAL STANDARD BOOK NUMBER
International Standard Book Number 0312101376
040 ## - CATALOGING SOURCE
Original cataloging agency DLC
Transcribing agency DLC
041 ## - LANGUAGE CODE
Language code of text/sound track or separate title eng
080 ## - UNIVERSAL DECIMAL CLASSIFICATION NUMBER
Universal Decimal Classification number 808.831 CHAR
082 00 - DEWEY DECIMAL CLASSIFICATION NUMBER
Classification number 808.831 CHAR
Edition number 20
100 ## - Rafti
Rafti 21
101 ## - Shkurtesa
Shkurtesa GJL
245 04 - TITLE STATEMENT
Title The Story and its writer :
Statement of responsibility, etc [edited by] Ann Charters.
504 ## - BIBLIOGRAPHY, ETC. NOTE
Bibliography, etc Includes bibliographical references.
906 ## - LOCAL DATA ELEMENT F, LDF (RLIN)
a 7
b cbc
c orignew
d 2
e opcn
f 19
g y-gencatlg
942 ## - ADDED ENTRY ELEMENTS (KOHA)
Source of classification or shelving scheme
Item type Books
Holdings
Withdrawn status Lost status Source of classification or shelving scheme Damaged status Not for loan Collection code Permanent location Current location Shelving location Date acquired Total Checkouts Full call number Barcode Date last seen Price effective from Koha item type
          Koleksioni i përgjithshem UBT - Lipjan UBT - Lipjan Koleksioni i përgjithshem 03/02/2018   808.831 CHAR 002-3000758 03/02/2018 03/02/2018 Books
UBT Library © 2015-2024. All rights reserved University Education for Business and Technology